La Lepra: (Registro nro. 48873)

Detalles MARC
000 -LEADER
fixed length control field 01302nam a22002777a 4500
003 - CONTROL NUMBER IDENTIFIER
control field CO-CtgCURN
005 - DATE AND TIME OF LATEST TRANSACTION
control field 20250522171159.0
008 - FIXED-LENGTH DATA ELEMENTS--GENERAL INFORMATION
fixed length control field 250522b |||||||| |||| 00| 0 eng d
020 ## - INTERNATIONAL STANDARD BOOK NUMBER
International Standard Book Number 9789586559980
040 ## - CATALOGING SOURCE
Original cataloging agency CO-CtgCURN
Language of cataloging spa
Transcribing agency coctgcurn
082 ## - DEWEY DECIMAL CLASSIFICATION NUMBER
Classification number 616.998
Item number R696i
100 ## - MAIN ENTRY--PERSONAL NAME
Personal name Rodríguez Toro, Gerzaín
245 ## - TITLE STATEMENT
Title La Lepra:
Remainder of title Imágenes y conceptos /
Statement of responsibility, etc. Gerzaín Rodríguez; Rafael Pinto.
260 ## - PUBLICATION, DISTRIBUTION, ETC.
Place of publication, distribution, etc. Medellín:
Name of publisher, distributor, etc. Editorial Universidad de Antioquía,
-- Universidad de la Sabana,
Date of publication, distribution, etc. 2007.
300 ## - PHYSICAL DESCRIPTION
Extent xvi; 178 páginas,
Other physical details ilustraciones,
Dimensions 24 cm.
490 ## - SERIES STATEMENT
Series statement Salud. Medicina
500 ## - GENERAL NOTE
General note Incluye índice analítico.
505 ## - FORMATTED CONTENTS NOTE
Formatted contents note 1: Definición. 2: Historia. 3: Epidemiología. 4: Etiología. 5: Clasificación. 6: Inmunología. 7: Patogenia del daño neural. 8:Histopatología general. 9: Clínica. 10: Reacciones. 11: Diagnóstico diferencial. 12: Tratamiento. 13: Prevención. 14: Rehabilitación. 15: Recidivas. 16: El programa de lepra en Colombia.
650 ## - SUBJECT ADDED ENTRY--TOPICAL TERM
Topical term or geographic name entry element Lepra
650 ## - SUBJECT ADDED ENTRY--TOPICAL TERM
Topical term or geographic name entry element Lepra
General subdivision Diagnóstico
650 ## - SUBJECT ADDED ENTRY--TOPICAL TERM
Topical term or geographic name entry element Lepra
General subdivision Tratamiento
650 ## - SUBJECT ADDED ENTRY--TOPICAL TERM
Topical term or geographic name entry element Lepra
General subdivision Prevención y control
Geographic subdivision Colombia
700 ## - ADDED ENTRY--PERSONAL NAME
Personal name Pinto García, Rafael
Relator term autor
700 ## - ADDED ENTRY--PERSONAL NAME
Personal name Moreno Cardona, Verónica María
Relator term ilustradora
942 ## - ADDED ENTRY ELEMENTS (KOHA)
Source of classification or shelving scheme Dewey Decimal Classification
Koha item type Libros
Classification part 616.998
Item part R696i
Suppress in OPAC No
Existencias
Withdrawn status Lost status Source of classification or shelving scheme Damaged status Not for loan Collection Home library Current library Shelving location Date acquired Inventory number Total checkouts Full call number Barcode Date last seen Price effective from Koha item type Public note
    Dewey Decimal Classification     General Miguel Henríquez Emiliani Miguel Henríquez Emiliani General 05/22/2025 013614   616.998 R696i 013614 05/22/2025 05/22/2025 Libros 610-CIENME